000 00352 a2200157 4500
001 158420
020 _a
040 _cMagnum
100 _aFerreira, Graca Maria Lemos
240 1 0 _aAtlas geografico - espaco mundial
_lpor
245 1 0 _aAtlas geografico - espaco mundial
362 0 _a1899
440 1 _aModerna
697 _aATLAS
942 _cBK
999 _c158420
_d158420